• 首页
  • 本馆介绍
  • 公告通知
  • 最新文献
  • 馆藏检索
  • 电子资源
  • 读者导购
  • 参考咨询
  • 我的图书馆
  • 登录
  • 详细信息显示
  • 放入我的书架
  • 预约/预借图书
  • 作者相关作品
  • 分类相关作品
  • 丛书相关作品
  • 出版社相关作品

书目信息

  • 表格格式
  • 工作单格式
  • 卡片格式
题名:
世界最美四季
    
 
作者: ;良卷文化 编著
分册:  
出版信息: 重庆   重庆大学出版社  2014.01
页数: 246页
开本: 24cm
丛书名: 最美书系
单 册:
中图分类: K919.1
科图分类:
主题词: 旅游指南--世界 , 旅游指南
电子资源:
ISBN: 978-7-5624-7763-1
000 00882oam2 2200277 450
001 0120141217651
005 20140610112405.93
010    @a978-7-5624-7763-1@dCNY45.00
100    @a20140304d2014 em y0chiy0110 ea
101 0  @achi
102    @aCN@b500000
105    @aa z 000yy
106    @ar
200 1  @a世界最美四季@9shi jie zui mei si ji@f良卷文化编著
210    @a重庆@c重庆大学出版社@d2014.01
215    @a246页@c图@d24cm
225 2  @a最美书系
330    @a本书分为全球最美春季、全球最美夏季、全球最美秋季、全球最美冬季4个部分。主要内容包括:纳马夸兰 沙漠花海,盛放生命奇迹;比勒陀利亚 蓝花楹的唯美梦境等。
333    @a旅游爱好者
461  0 @12001 @a最美书系
606 0  @a旅游指南@y世界
606 0  @a旅游指南
690    @aK919.1@v5
711 02 @a良卷文化@9liang juan wen hua@4编著
801  0 @aCN@b人天书店@c20140304
905    @b846249-51@dK919.1@e221@f3
    
    世界最美四季/良卷文化编著.-重庆:重庆大学出版社,2014.01
    246页:图;24cm.-(最美书系)
    使用对象:旅游爱好者
    
    ISBN 978-7-5624-7763-1:CNY45.00
    本书分为全球最美春季、全球最美夏季、全球最美秋季、全球最美冬季4个部分。主要内容包括:纳马夸兰 沙漠花海,盛放生命奇迹;比勒陀利亚 蓝花楹的唯美梦境等。
●
相关链接 在E读中查询图书 在五车中查询图书 在当当中查询图书 在豆瓣中查询图书


正题名:世界最美四季     索取号:K919.1/221         预约/预借

序号 登录号 条形码 馆藏地/架位号 状态 备注
1 846249   208462493   第二样本阅览室/ [索取号:K919.1/221] 在馆    
2 846250   208462509   第二借阅区/ [索取号:K919.1/221] 在馆    
3 846251   208462518   密集书库-资源管理系/ [索取号:K919.1/221] 在馆    
唐山师范学院图书馆 欢迎您!
大连网信软件有限公司© 版权所有